Crisis in Nicaragua /

Según Bendana, para entender la insurrección nicaragüense de setiembre de 1978, es preciso conocer el contexto histórico, político y social que condujo a esa coyuntura revolucionaria. En este informe se analiza el trasfondo que propicio el proceso y se estudian varios tópicos: el poder político de l...

全面介紹

Guardado en:
書目詳細資料
主要作者: Bendana, Alejandro
格式: Texto
主題:
標簽: 添加標簽
沒有標簽, 成為第一個標記此記錄!

MARC

LEADER 00000 a a2200000 04500
001 9796
003
040
100 |a Bendana, Alejandro  
245 |a Crisis in Nicaragua /  |c Alejandro Bendana 
520 |a Según Bendana, para entender la insurrección nicaragüense de setiembre de 1978, es preciso conocer el contexto histórico, político y social que condujo a esa coyuntura revolucionaria. En este informe se analiza el trasfondo que propicio el proceso y se estudian varios tópicos: el poder político de la dinastía somocista, la oposición de la burguesía nicaragüense, el Frente Sandinista de Liberación Nacional y su programa revolucionario, el papel a través de la historia de Estados Unidos en Nicaragua y su participación en la crisis política de este país, las razones por las cuales el conflicto nicaragüense podría convertirse en una guerra regional, etc. ABB/mb  
650 |a GUERRA CIVIL  
650 |a GUERRILLEROS  
650 |a REVOLUCION  
650 |a BURGUESIA  
650 |a ELITE  
650 |a CLASES SOCIALES  
650 |a CONFLICTOS  
650 |a PODER POLITICO  
650 |a FRENTE SANDINISTA DE LIBERACION NACIONAL, NI  
773 |g volumen 12, número 6; páginas 1-42  
999 |c 34948  |d 34948